[Event "Rosenheim IM-A"]
[Site "Rosenheim"]
[Date "2025.05.28"]
[Round "5"]
[White "Atoyan, Alberto"]
[Black "Oberhofer, Cedric"]
[Result "1/2-1/2"]
[WhiteElo "2266"]
[BlackElo "2274"]
[PlyCount "58"]
[EventDate "2025.05.25"]
[EventType "tourn"]
[EventRounds "9"]
[EventCountry "GER"]
[SourceTitle "CB23_2025"]
[SourceDate "2025.06.04"]
[SourceVersion "1"]
[SourceVersionDate "2025.06.04"]
[SourceQuality "1"]

1. d4 Nf6 2. c4 g6 3. Nc3 d5 4. cxd5 Nxd5 5. Bd2 Bg7 6. e4 Nxc3 7. Bxc3 0-0 8. Qd2 Nc6 9. Nf3 Bg4 10. d5 Bxf3 11. Bxg7 Kxg7 12. gxf3 Ne5 13. 0-0-0 c6 14. Bh3 Qc7 15. Qc3 Kg8 16. Kb1 Rfd8 17. Rc1 Nd7 18. Qe3 Nb6 19. f4 Qd6 20. dxc6 bxc6 21. Bg4 Rab8 22. Rhd1 Qb4 23. a3 Qa4 24. Be2 Rxd1 25. Bxd1 Qb5 26. Qb3 Qa5 27. Qc3 Qb5 28. Qb3 Qa5 29. Qc3 Qb5 1/2-1/2

[Event "Rosenheim IM-A"]
[Site "Rosenheim"]
[Date "2025.05.27"]
[Round "3"]
[White "Heinemann, Josefine"]
[Black "Oberhofer, Cedric"]
[Result "1/2-1/2"]
[WhiteElo "2321"]
[BlackElo "2274"]
[PlyCount "66"]
[EventDate "2025.05.25"]
[EventType "tourn"]
[EventRounds "9"]
[EventCountry "GER"]
[SourceTitle "CB23_2025"]
[SourceDate "2025.06.04"]
[SourceVersion "1"]
[SourceVersionDate "2025.06.04"]
[SourceQuality "1"]

1. e4 c5 2. Nf3 d6 3. d4 cxd4 4. Nxd4 Nf6 5. Nc3 Nc6 6. Bg5 e6 7. Bb5 Bd7 8. Qd3 Qb6 9. Nxc6 Bxc6 10. Bxf6 gxf6 11. 0-0 Be7 12. a4 a6 13. Bxc6+ Qxc6 14. Rfe1 Rc8 15. Ra3 h5 16. Rb3 Kf8 17. Re3 Rc7 18. f4 h4 19. Kh1 Rg8 20. Re2 Rh8 21. Qh3 Qc5 22. Qf3 Qh5 23. Qxh5 Rxh5 24. f5 Ke8 25. Kg1 Kd8 26. g4 hxg3 27. hxg3 Kc8 28. Kg2 Rc4 29. g4 Rh4 30. Kg3 Rh1 31. Kg2 Rh4 32. Kg3 Rh1 33. Kg2 Rh4 1/2-1/2

[Event "Rosenheim IM-A"]
[Site "Rosenheim"]
[Date "2025.05.26"]
[Round "2"]
[White "Oberhofer, Cedric"]
[Black "Nestorovic, Nikola"]
[Result "1/2-1/2"]
[WhiteElo "2274"]
[BlackElo "2449"]
[PlyCount "66"]
[EventDate "2025.05.25"]
[EventType "tourn"]
[EventRounds "9"]
[EventCountry "GER"]
[SourceTitle "CB23_2025"]
[SourceDate "2025.06.04"]
[SourceVersion "1"]
[SourceVersionDate "2025.06.04"]
[SourceQuality "1"]

1. e4 c5 2. Nf3 d6 3. Bb5+ Bd7 4. Bxd7+ Qxd7 5. 0-0 Nc6 6. Re1 Nf6 7. c3 e6 8. d4 cxd4 9. cxd4 d5 10. e5 Ne4 11. a3 Be7 12. Qd3 a5 13. Nbd2 Nxd2 14. Bxd2 h6 15. h4 0-0 16. g3 a4 17. Kg2 Na5 18. g4 Nc4 19. Bc1 Qb5 20. h5 Qb3 21. Qxb3 axb3 22. Nd2 Bb4 23. Re2 Bxd2 24. Bxd2 Nxb2 25. Rb1 Nc4 26. Rxb3 f5 27. exf6 Rxf6 28. Bc1 b6 29. f3 Kf7 30. Kg3 Ke7 31. Bd2 Kd7 32. Bb4 Rc8 33. Re1 Rc6 1/2-1/2

[Event "Wittelsbach op 11th"]
[Site "Kelheim"]
[Date "2024.12.29"]
[Round "5"]
[White "Oberhofer, Cedric"]
[Black "Yelisieiev, Yevhenii"]
[Result "1/2-1/2"]
[WhiteElo "2257"]
[BlackElo "2413"]
[PlyCount "120"]
[EventDate "2024.12.27"]
[EventType "swiss"]
[EventRounds "7"]
[EventCountry "GER"]
[SourceTitle "CB02_2025"]
[SourceDate "2025.01.08"]
[SourceVersion "1"]
[SourceVersionDate "2025.01.08"]
[SourceQuality "1"]

1. e4 d6 2. d4 Nf6 3. Nc3 e5 4. Nf3 Nbd7 5. Rg1 c6 6. g4 h6 7. h4 exd4 8. Nxd4 Ne5 9. g5 hxg5 10. hxg5 Nfd7 11. f4 Ng6 12. Be3 Nb6 13. Qe2 Bh3 14. 0-0-0 Qc7 15. a4 Bxf1 16. Rgxf1 0-0-0 17. a5 Nd7 18. Qc4 Nc5 19. Nb3 Nxb3+ 20. Qxb3 Qxa5 21. Qxf7 Ne7 22. Kb1 Kb8 23. f5 Nc8 24. Bd4 Qc7 25. Qxc7+ Kxc7 26. e5 Rh5 27. g6 Re8 28. Rde1 dxe5 29. Bxe5+ Bd6 30. Bxg7 Rxf5 31. Bh6 Rxe1+ 32. Rxe1 Ne7 33. g7 Ng8 34. Re6 Be5 35. Ne4 Nxh6 36. Rxh6 Bxg7 37. Rh7 Rf1+ 38. Ka2 Rg1 39. Nc5 Kb6 40. Ne6 Be5 41. b4 Kb5 42. Nc5 Kc4 43. Rh4+ Kc3 44. Re4 Bg7 45. Nxb7 Kxc2 46. Re2+ Kd3 47. Re6 Kc4 48. Na5+ Kb5 49. Nxc6 Ka4 50. Ne5 Rg2+ 51. Kb1 Kb3 52. Nd3 Kc3 53. Re3 Kd2 54. Rh3 Rg1+ 55. Ka2 Kc2 56. Nb2 Rg2 57. Nc4 Re2 58. Na3+ Kd1+ 59. Kb3 Rb2+ 60. Kc4 Rg2 1/2-1/2

[Event "Pardubice Czech op-A 35th"]
[Site "Pardubice"]
[Date "2024.07.25"]
[Round "7"]
[White "Oberhofer, Cedric"]
[Black "Berglind, Axel"]
[Result "1/2-1/2"]
[WhiteElo "2269"]
[BlackElo "2152"]
[PlyCount "48"]
[EventDate "2024.07.19"]
[EventType "swiss"]
[EventRounds "9"]
[EventCountry "CZE"]
[SourceTitle "CBM 221 Extra"]
[Source "ChessBase"]
[SourceDate "2024.09.30"]
[SourceVersion "1"]
[SourceVersionDate "2024.09.30"]
[SourceQuality "1"]

1. e4 c5 2. Nf3 d6 3. Bb5+ Bd7 4. Bxd7+ Nxd7 5. 0-0 Ngf6 6. Qe2 g6 7. c3 Bg7 8. d4 e5 9. dxe5 dxe5 10. Nbd2 0-0 11. Nc4 Qc7 12. Bg5 b5 13. Bxf6 Nxf6 14. Ne3 Qc6 15. c4 bxc4 16. Nxc4 Qxe4 17. Qxe4 Nxe4 18. Nfxe5 Nd2 19. Rfe1 Nxc4 20. Nxc4 Rfb8 21. Re2 a5 22. Rc1 Bd4 23. g3 a4 24. Kg2 Ra6 1/2-1/2

[Event "Pardubice Czech op-A 35th"]
[Site "Pardubice"]
[Date "2024.07.23"]
[Round "5"]
[White "Oberhofer, Cedric"]
[Black "Rakshith, Srinivasan"]
[Result "1-0"]
[WhiteElo "2269"]
[BlackElo "1989"]
[PlyCount "177"]
[EventDate "2024.07.19"]
[EventType "swiss"]
[EventRounds "9"]
[EventCountry "CZE"]
[SourceTitle "CBM 221 Extra"]
[Source "ChessBase"]
[SourceDate "2024.09.30"]
[SourceVersion "1"]
[SourceVersionDate "2024.09.30"]
[SourceQuality "1"]

1. e4 e6 2. d4 d5 3. e5 c5 4. c3 Nc6 5. Nf3 Qb6 6. a3 c4 7. Nbd2 Na5 8. Be2 Bd7 9. 0-0 Ne7 10. Rb1 Qc7 11. Re1 h6 12. Nf1 Nb3 13. Bf4 0-0-0 14. N3d2 Ba4 15. Nxb3 Bxb3 16. Qd2 a5 17. h3 Qd7 18. Bh2 h5 19. Bf4 Ng6 20. Bg5 Be7 21. Ng3 h4 22. Bxe7 Nxe7 23. Nf1 Nf5 24. Bg4 g6 25. Nh2 Qe7 26. Rbc1 Qf8 27. Nf3 Qe7 28. Qf4 Rdg8 29. Nd2 Ba4 30. Nf3 Qf8 31. Ng5 Qh6 32. Bf3 Rg7 33. Re2 Rgg8 34. Rf1 Rf8 35. g4 Ne7 36. Bg2 Bd7 37. Re3 Be8 38. Re2 Qg7 39. Qc1 a4 40. Qd2 b5 41. Rfe1 Qh6 42. Nf3 Qxd2 43. Rxd2 Bd7 44. Ng5 Kd8 45. Rde2 Ke8 46. Re3 Rfg8 47. Kh2 Nc6 48. Bf3 Kf8 49. Bd1 Nd8 50. Bc2 Rg7 51. Rg1 Nc6 52. Re2 Ne7 53. f4 Ke8 54. Rf2 Rhg8 55. Nf3 Rh8 56. Nd2 Rhg8 57. Nf1 Bc8 58. Ne3 Bd7 59. Rfg2 Kf8 60. Rf1 Bc8 61. Rgf2 Ke8 62. Rf3 Bd7 63. R1f2 Rh8 64. f5 gxf5 65. gxf5 exf5 66. Nxf5 Bxf5 67. Bxf5 Nxf5 68. Rxf5 Rh6 69. Rf6 Rhg6 70. R6f4 Rh7 71. Rg2 Ke7 72. Rxg6 fxg6 73. Rf6 g5 74. Rb6 Rh8 75. Kg2 Rf8 76. Rd6 Rf4 77. Rxd5 Re4 78. Rxb5 Re2+ 79. Kf3 Rh2 80. Kg4 Rg2+ 81. Kf5 g4 82. hxg4 h3 83. Rb7+ Kf8 84. Rh7 h2 85. Ke6 Kg8 86. Rh5 Rxb2 87. d5 Rg2 88. d6 Rxg4 89. Rxh2 1-0

[Event "Munich op-A 2nd"]
[Site "Munich"]
[Date "2024.05.31"]
[Round "7"]
[White "Kundianok, Vladislav"]
[Black "Oberhofer, Cedric"]
[Result "1/2-1/2"]
[WhiteElo "2335"]
[BlackElo "2256"]
[PlyCount "97"]
[EventDate "2024.05.26"]
[EventType "swiss"]
[EventRounds "9"]
[EventCountry "GER"]
[SourceTitle "CBM 220 Extra"]
[Source "ChessBase"]
[SourceDate "2024.07.31"]
[SourceVersion "1"]
[SourceVersionDate "2024.07.31"]
[SourceQuality "1"]

1. d4 Nf6 2. c4 g6 3. Nc3 d5 4. cxd5 Nxd5 5. e4 Nxc3 6. bxc3 Bg7 7. Nf3 c5 8. Be3 Qa5 9. Qd2 Nc6 10. Rb1 a6 11. Rc1 cxd4 12. cxd4 Qxd2+ 13. Kxd2 e6 14. Bd3 0-0 15. h4 h6 16. e5 Rd8 17. h5 g5 18. Nxg5 Nxd4 19. Ne4 Bxe5 20. Bxh6 f5 21. Nc5 Nc6 22. Rh3 Rd6 23. f4 Bh8 24. Rg3+ Kf7 25. Ke2 b6 26. Nb3 Bb7 27. Nd2 b5 28. Nf3 e5 29. Rg6 Rxg6 30. hxg6+ Kxg6 31. Nh4+ Kf7 32. Nxf5 Rd8 33. Bg5 Bf6 34. Rh1 Bxg5 35. fxg5 e4 36. Bxe4 Nd4+ 37. Nxd4 Bxe4 38. Ke3 Bd5 39. a3 Re8+ 40. Kf2 Re4 41. Nf3 Ra4 42. Rh7+ Kg6 43. Rh6+ Kg7 44. Rd6 Be4 45. Ne5 Rxa3 46. Rd7+ Kg8 47. Rd8+ Kg7 48. Rd7+ Kg8 49. Rd8+ 1/2-1/2

[Event "Munich op-A 2nd"]
[Site "Munich"]
[Date "2024.05.27"]
[Round "2"]
[White "Pindado Campos, Raul"]
[Black "Oberhofer, Cedric"]
[Result "0-1"]
[WhiteElo "2087"]
[BlackElo "2256"]
[PlyCount "66"]
[EventDate "2024.05.26"]
[EventType "swiss"]
[EventRounds "9"]
[EventCountry "GER"]
[SourceTitle "CBM 220 Extra"]
[Source "ChessBase"]
[SourceDate "2024.07.31"]
[SourceVersion "1"]
[SourceVersionDate "2024.07.31"]
[SourceQuality "1"]

1. d4 Nf6 2. c4 g6 3. Nf3 Bg7 4. Nc3 d5 5. cxd5 Nxd5 6. e4 Nxc3 7. bxc3 c5 8. Rb1 0-0 9. Be2 Nd7 10. Be3 Nf6 11. Nd2 Qc7 12. 0-0 b6 13. h3 e6 14. Qb3 Bb7 15. dxc5 Nxe4 16. cxb6 axb6 17. Nxe4 Bxe4 18. Rbc1 Rfb8 19. Rfd1 Bc6 20. Rd2 b5 21. c4 b4 22. c5 Ra3 23. Qb1 Rxe3 24. fxe3 Qg3 25. Bd3 Qxe3+ 26. Rf2 Bd4 27. Rcf1 Qg3 28. Be4 Bb5 29. Qxb4 Be3 30. Qe1 Bxf1 31. Kxf1 Bxf2 32. Qxf2 Qe5 33. Qc2 Qa1+ 0-1

[Event "AUT-chT2W 2324"]
[Site "Austria"]
[Date "2024.04.20"]
[Round "10.3"]
[White "Maras, Houssni"]
[Black "Oberhofer, Cedric"]
[Result "1/2-1/2"]
[WhiteElo "2010"]
[BlackElo "2286"]
[PlyCount "71"]
[EventDate "2023.09.29"]
[EventType "team-tourn"]
[EventRounds "11"]
[EventCountry "AUT"]
[SourceTitle "EXT 2025"]
[Source "ChessBase"]
[SourceDate "2024.10.14"]
[SourceVersion "1"]
[SourceVersionDate "2024.10.14"]
[SourceQuality "1"]
[WhiteTeam "Pradl"]
[BlackTeam "Salzburg Royal"]
[WhiteTeamCountry "AUT"]
[BlackTeamCountry "AUT"]

1. e4 c5 2. Nf3 d6 3. d4 cxd4 4. Nxd4 Nf6 5. Nc3 Nc6 6. Be2 e5 7. Nb3 Be7 8. Bg5 Be6 9. 0-0 0-0 10. Qd2 a5 11. a4 Qb6 12. Bxf6 Bxf6 13. Nd5 Bxd5 14. Qxd5 Nb4 15. Qd1 Rfd8 16. c3 Nc6 17. Qd5 Ne7 18. Qb5 Qc7 19. Rfd1 Bg5 20. Bc4 Rac8 21. Bd5 b6 22. Rd3 g6 23. Rad1 Kg7 24. Nd2 Nxd5 25. Rxd5 Rf8 26. Nf3 Be7 27. R1d3 Qc4 28. Nd2 Qa2 29. Qb3 Qxb3 30. Nxb3 Rc4 31. Rb5 Rxe4 32. f3 Rxa4 33. Rxb6 Ra8 34. Rd5 Ra2 35. Nd2 Bg5 36. Kf2 1/2-1/2

[Event "BL2-Ost 2324"]
[Site "Germany"]
[Date "2024.03.17"]
[Round "10.6"]
[White "Oberhofer, Cedric"]
[Black "Petrov, Martin"]
[Result "0-1"]
[WhiteElo "2286"]
[BlackElo "2500"]
[PlyCount "96"]
[EventDate "2023.10.21"]
[EventType "team-tourn"]
[EventRounds "10"]
[EventCountry "GER"]
[SourceTitle "EXT 2025"]
[Source "ChessBase"]
[SourceDate "2024.10.14"]
[SourceVersion "1"]
[SourceVersionDate "2024.10.14"]
[SourceQuality "1"]
[WhiteTeam "Regensburg Bavaria"]
[BlackTeam "Deggendorf"]
[WhiteTeamCountry "GER"]
[BlackTeamCountry "GER"]

1. e4 c5 2. c3 Nf6 3. e5 Nd5 4. Nf3 Nc6 5. Bc4 Nb6 6. Bb3 d5 7. exd6 c4 8. Bc2 e5 9. d3 cxd3 10. Qxd3 Qxd6 11. 0-0 Qxd3 12. Bxd3 Bg4 13. Nbd2 0-0-0 14. Be4 f6 15. a4 Nd5 16. Nc4 Be6 17. Ne3 Nf4 18. a5 a6 19. g3 Ne2+ 20. Kg2 g5 21. Re1 Nxc1 22. Rexc1 Bc5 23. Nf1 g4 24. Nh4 Ne7 25. b4 Ba7 26. b5 f5 27. b6 Bb8 28. Bb1 Rhf8 29. c4 Nc6 30. Ne3 e4 31. Ra4 Rd2 32. Rd1 Rxd1 33. Nxd1 Bd6 34. Ne3 Bc5 35. Nd5 Rd8 36. Ba2 Nd4 37. Bb1 Nf3 38. h3 Nxh4+ 39. gxh4 gxh3+ 40. Kxh3 Bxf2 41. Nf4 Bf7 42. Ra2 Bc5 43. Re2 Rd1 44. Ba2 Rf1 45. Nd5 Bh5 46. Rg2 Bg4+ 47. Kg3 Rf3+ 48. Kh2 Rh3# 0-1

[Event "BL2-Ost 2324"]
[Site "Germany"]
[Date "2023.10.22"]
[Round "2.8"]
[White "Wichmann, Cliff"]
[Black "Oberhofer, Cedric"]
[Result "1/2-1/2"]
[WhiteElo "2307"]
[BlackElo "2286"]
[PlyCount "54"]
[EventDate "2023.10.21"]
[EventType "team-tourn"]
[EventRounds "10"]
[EventCountry "GER"]
[SourceTitle "EXT 2025"]
[Source "ChessBase"]
[SourceDate "2024.10.14"]
[SourceVersion "1"]
[SourceVersionDate "2024.10.14"]
[SourceQuality "1"]
[WhiteTeam "Nickelhuette Aue"]
[BlackTeam "Regensburg Bavaria"]
[WhiteTeamCountry "GER"]
[BlackTeamCountry "GER"]

1. d4 Nf6 2. Nf3 g6 3. c4 Bg7 4. Nc3 d5 5. cxd5 Nxd5 6. e4 Nxc3 7. bxc3 c5 8. Bb5+ Nc6 9. d5 Qa5 10. Rb1 Bxc3+ 11. Bd2 a6 12. Bxc6+ bxc6 13. 0-0 Bxd2 14. Nxd2 0-0 15. Nc4 Qc7 16. Qc2 Rb8 17. Rxb8 Qxb8 18. dxc6 Be6 19. Na5 Qb4 20. Nb7 c4 21. Rb1 Qa3 22. Rd1 Rc8 23. Nd8 Qc5 24. Qa4 Qb6 25. Nxe6 fxe6 26. Qxc4 Qxc6 27. Qxc6 Rxc6 1/2-1/2

[Event "BL2-Ost 2324"]
[Site "Germany"]
[Date "2023.10.21"]
[Round "1.8"]
[White "Oberhofer, Cedric"]
[Black "Apel, Linus"]
[Result "1-0"]
[WhiteElo "2286"]
[BlackElo "1503"]
[PlyCount "47"]
[EventDate "2023.10.21"]
[EventType "team-tourn"]
[EventRounds "10"]
[EventCountry "GER"]
[SourceTitle "EXT 2025"]
[Source "ChessBase"]
[SourceDate "2024.10.14"]
[SourceVersion "1"]
[SourceVersionDate "2024.10.14"]
[SourceQuality "1"]
[WhiteTeam "Regensburg Bavaria"]
[BlackTeam "Erfurt"]
[WhiteTeamCountry "GER"]
[BlackTeamCountry "GER"]

1. c4 Nf6 2. g3 e6 3. Bg2 c5 4. Nf3 Nc6 5. 0-0 Be7 6. d4 cxd4 7. Nxd4 d5 8. Nc3 0-0 9. cxd5 exd5 10. b3 Bc5 11. Nxc6 bxc6 12. Qc2 Be7 13. Bb2 Bb7 14. Rad1 Rc8 15. e4 Qa5 16. Rfe1 Ba3 17. Bxa3 Qxa3 18. Na4 dxe4 19. Nc5 Qb4 20. Nxe4 Nxe4 21. Rxe4 Qb5 22. Re7 Rcd8 23. Rxd8 Rxd8 24. Qd2 1-0